| 000 | 00453nam a2200157Ia 4500 | ||
|---|---|---|---|
| 008 | 210716s2014 xx 000 0 und d | ||
| 020 | _a9788173719318 | ||
| 041 | _aeng | ||
| 082 | _a003 SALC | ||
| 100 | _aSalimath, Chandrasekhar; Parashar, Bhupender. | ||
| 245 |
_aOperations research: models and methods. _bModels and methods. |
||
| 250 | _a1 | ||
| 260 |
_aNew Delhi _bUniversities Press _c2014 |
||
| 300 | _ax,426 | ||
| 650 | _aOperations Research | ||
| 999 |
_c209984 _d209984 |
||